Encyklopedya Polska tom II., III. : język polski i jego historya

Recenzia diela Encyklopedia Polska, časť II. a III. - poľský jazyk a jeho dejiny

Bibliographic Details
Main Author: Škultéty, Jozef, 1853-1948 (Author)
Format: Manuscript Book
Language:Polish
Slovak
PhysicalDescription:2 nečíslované strany rukopis, voľné listy 34 cm
Published: [Martin] [1915 alebo 1916]
Subjects:

MARC

LEADER 00000ntmaa2200000 a 4500
001 vtls012268056
003 SK-MaSNL
005 20260301014537.0
008 241206q1915 xo || 000 1 pol
040 |a SNKLA  |b slo  |c SNKLA  |e AACR2 
041 0 |a pol  |a slo 
044 |a xo  |c SK 
072 7 |a 811.162  |x Západoslovanské jazyky  |2 konspekt 
072 7 |a 81  |x Lingvistika. Jazyky  |2 konspekt 
080 |a 025.171  |2 2011 
080 |a 811.162.1  |2 2001 
080 |a (0:82-95)  |2 2011 
080 |a 81`0  |2 2011 
100 1 |a Škultéty, Jozef,  |d 1853-1948  |4 aut  |9 189198 
245 1 0 |a Encyklopedya Polska  |b tom II., III. : język polski i jego historya  |c [Jozef Škultéty] 
260 |a [Martin]  |c [1915 alebo 1916] 
300 |a 2 nečíslované strany  |b rukopis, voľné listy  |c 34 cm 
500 |a Autor podľa iných prác pod signatúrou 49 
500 |a Neúplné, obsahuje len prvé dve strany 
520 2 |a Recenzia diela Encyklopedia Polska, časť II. a III. - poľský jazyk a jeho dejiny 
546 |a Väčšina textu napísaná poľsky, malá časť slovensky 
555 0 |a Inventár rukopisov Literárneho archívu Matice slovenskej X. Fondy 46 - 51. Martin : Matica slovenská 1981 
561 |a Okrúhla pečiatka: Matica slovenská Martin Literárny archív 
650 0 7 |a poľština  |2 SNKPH  |9 1349 
650 0 7 |a vývoj jazyka  |2 SNKPH  |9 68207 
655 7 |a rukopisy  |2 SNKPH  |9 70548 
655 7 |a recenzie  |2 SNKPH  |9 21907 
852 |a SNK  |b Literárny archív 
958 |a OF 
958 |a LAVD 
999 |c 558739  |d 560669 
952 |a SNKLA  |b SNKLA  |c SNKLA_DEP  |y NEVYP  |7 0  |p 17A1230809  |o snk49 CF 25  |0 0  |1 0  |4 0  |d 2024-12-06  |f 1  |l 0  |r 2026-02-23 13:33:35  |w 2026-02-23